[Event "Ambelokipi op 138th"]
[Site "Athens"]
[Date "2013.10.12"]
[Round "5"]
[White "Loupos, Vasilios"]
[Black "Theodoropoulos, Spyros Hristofo"]
[Result "1-0"]
[WhiteElo "2005"]
[BlackElo "1898"]
[PlyCount "81"]
[EventDate "2013.09.14"]
[EventType "swiss"]
[EventRounds "7"]
[EventCountry "GRE"]
[SourceTitle "EXT 2024"]
[Source "ChessBase"]
[SourceDate "2023.10.10"]
[SourceVersion "1"]
[SourceVersionDate "2023.10.10"]
[SourceQuality "1"]

1. Nf3 Nf6 2. d4 c5 3. e3 g6 4. Be2 Bg7 5. 0-0 0-0 6. c4 cxd4 7. exd4 d5 8. b3 b6 9. Bb2 Bb7 10. Nbd2 Nbd7 11. Rc1 Rc8 12. Re1 Re8 13. Bf1 e6 14. Ne5 Nb8 15. Ndf3 Ne4 16. Bd3 Qd6 17. Qe2 f6 18. Ng4 Qf4 19. Ne3 Ng5 20. Nxg5 Qxg5 21. Qf3 Nc6 22. c5 bxc5 23. Rxc5 Bf8 24. Rcc1 Bd6 25. Bb5 Red8 26. g3 Ne7 27. h4 Qh6 28. Qxf6 Qg7 29. Qxe6+ Kh8 30. Ng4 Rxc1 31. Bxc1 Bc8 32. Qe2 Nf5 33. Rd1 Rf8 34. Ne5 Nxd4 35. Rxd4 Bxe5 36. Rxd5 Bf6 37. Ba3 Rg8 38. Bc4 Bb7 39. Rd6 Be5 40. Bxg8 Bxd6 41. Bb2 1-0

[Event "Ambelokipi op 137th"]
[Site "Athens"]
[Date "2013.09.25"]
[Round "3"]
[White "Theodoropoulos, Spyros Hristofo"]
[Black "Ilandzis, Spyridon"]
[Result "0-1"]
[WhiteElo "1898"]
[BlackElo "2196"]
[PlyCount "148"]
[EventDate "2013.09.11"]
[EventType "swiss"]
[EventRounds "7"]
[EventCountry "GRE"]
[SourceTitle "EXT 2024"]
[Source "ChessBase"]
[SourceDate "2023.10.10"]
[SourceVersion "1"]
[SourceVersionDate "2023.10.10"]
[SourceQuality "1"]

1. e4 d5 2. exd5 Qxd5 3. Nc3 Qa5 4. Bc4 Nf6 5. d3 Bg4 6. f3 Bd7 7. Bd2 Qb6 8. Qe2 Nc6 9. Na4 Qd4 10. Qe3 0-0-0 11. Ne2 Qxe3 12. Bxe3 Na5 13. Bb3 b6 14. Nac3 e6 15. 0-0 Nxb3 16. axb3 Kb7 17. Bg5 Be7 18. Ne4 Bc6 19. Nxf6 gxf6 20. Be3 Rhg8 21. Kf2 f5 22. Nd4 Bd7 23. f4 Bf6 24. Ra2 c5 25. Nf3 Bc6 26. g3 h5 27. Ne5 Bxe5 28. fxe5 h4 29. Rg1 hxg3+ 30. hxg3 Rh8 31. Ke1 Bf3 32. Kd2 Rh2+ 33. Kc3 Rd5 34. Bf4 Rd4 35. Ra4 b5 36. Rxd4 cxd4+ 37. Kxd4 Rxc2 38. Rb1 b4 39. Bg5 Bd5 40. Be7 Bxb3 41. Bxb4 Rg2 42. Be1 Ba2 43. Rc1 Rxb2 44. Ke3 Bd5 45. Ba5 Bc6 46. Ra1 Rb3 47. Rc1 Rb5 48. Bc3 a5 49. Ra1 Ka6 50. Kd4 Rd5+ 51. Ke3 a4 52. Bb4 Rxe5+ 53. Kd4 Rd5+ 54. Ke3 e5 55. Rf1 Rxd3+ 56. Kxd3 Bb5+ 57. Ke3 Bxf1 58. Kd2 Kb5 59. Bd6 e4 60. Bf4 Kb4 61. Kc1 Kc3 62. Kb1 Kd3 63. Kc1 Ke2 64. Be5 e3 65. Bd4 Kd3 66. Bc5 Be2 67. Bb4 Ke4 68. Bd6 Bc4 69. Kd1 Kd3 70. Bb4 e2+ 71. Kc1 a3 72. Kb1 Ke3 73. Kc2 Kf2 74. Bc5+ Kf1 0-1

[Event "Nikeas Spring op A"]
[Site "Nikea"]
[Date "2013.05.10"]
[Round "5.1"]
[White "Papakonstantinou, Dimitrios1"]
[Black "Theodoropoulos, Spyros Hristofo"]
[Result "1/2-1/2"]
[WhiteElo "1879"]
[BlackElo "1850"]
[PlyCount "61"]
[EventDate "2013.05.07"]
[EventType "swiss"]
[EventRounds "7"]
[EventCountry "GRE"]
[SourceTitle "EXT 2024"]
[Source "ChessBase"]
[SourceDate "2023.10.10"]
[SourceVersion "1"]
[SourceVersionDate "2023.10.10"]
[SourceQuality "1"]

1. d4 d5 2. c4 e6 3. Nc3 Be7 4. cxd5 exd5 5. Nf3 Nf6 6. Bg5 c6 7. Qc2 g6 8. e3 Bf5 9. Bd3 Bxd3 10. Qxd3 Nbd7 11. Bh6 Ng4 12. Bf4 0-0 13. h3 Ngf6 14. 0-0 Re8 15. Rab1 a5 16. Qc2 Nb6 17. b3 Bf8 18. Nd2 Nc8 19. Qb2 Nd6 20. a3 Nfe4 21. Ncxe4 Nxe4 22. Nxe4 dxe4 23. b4 axb4 24. axb4 Ra4 25. b5 Rb4 26. Qe2 Qa5 27. bxc6 bxc6 28. Rxb4 Qxb4 29. Rc1 c5 30. dxc5 Bxc5 31. Qc4 1/2-1/2

[Event "Ambelokipi op 133th"]
[Site "Athens"]
[Date "2013.04.17"]
[Round "6"]
[White "Markantonaki, Haritomeni"]
[Black "Theodoropoulos, Spyros Hristofo"]
[Result "1-0"]
[WhiteElo "2175"]
[BlackElo "1826"]
[PlyCount "31"]
[EventDate "2013.03.13"]
[EventType "swiss"]
[EventRounds "7"]
[EventCountry "GRE"]
[SourceTitle "EXT 2024"]
[Source "ChessBase"]
[SourceDate "2023.10.10"]
[SourceVersion "1"]
[SourceVersionDate "2023.10.10"]
[SourceQuality "1"]

1. e4 c5 2. Nf3 d6 3. d4 cxd4 4. Nxd4 Nf6 5. Nc3 a6 6. Bc4 e6 7. 0-0 b5 8. Bb3 Bb7 9. Re1 Be7 10. Bxe6 fxe6 11. Nxe6 Qd7 12. Nxg7+ Kf7 13. Nf5 Re8 14. Bg5 d5 15. Nxe7 d4 16. Ncd5 1-0

[Event "Ambelokipi op 120th"]
[Site "Athens"]
[Date "2011.12.10"]
[Round "3"]
[White "Delithanasis, Dimitrios"]
[Black "Theodoropoulos, Spyros Hristofo"]
[Result "1-0"]
[WhiteElo "2128"]
[BlackElo "1764"]
[PlyCount "45"]
[EventDate "2011.12.03"]
[EventType "swiss"]
[EventRounds "7"]
[EventCountry "GRE"]
[SourceTitle "EXT 2024"]
[Source "ChessBase"]
[SourceDate "2023.10.10"]
[SourceVersion "1"]
[SourceVersionDate "2023.10.10"]
[SourceQuality "1"]

1. Nf3 d6 2. d4 Nf6 3. g3 g6 4. b3 Bg7 5. Bb2 c6 6. Bg2 0-0 7. Qc1 Qa5+ 8. Nbd2 Ne4 9. 0-0 Nxd2 10. Nxd2 Qh5 11. Re1 Bg4 12. c4 e5 13. dxe5 dxe5 14. Qc3 Rd8 15. Nf3 Nd7 16. Rad1 Re8 17. c5 Nf8 18. Qc4 Ne6 19. Rd7 e4 20. Bxg7 Kxg7 21. Nd4 Rad8 22. Nxe6+ Bxe6 23. Qd4+ 1-0